000 01092nam0a22003371 4500
001 v19\rc\1971085
005 20251118181116.9
035 _a(NLR Aleph) 005055660
090 _a6941822
_c6941822
100 _a20080623d1914 |||y0rusy50 ca
101 0 _arus
102 _aRU
105 _ay z |||||
200 1 _aРоссия и Германия
_fВ.Н. Бочкарев
_gИст. комис. О[-ва] р[аспространения] т[ехн.] з[наний]
210 _aМосква
_cт-во И.Н. Кушнерев и К°
_d1914
215 _a67 с.
_d20
225 1 _aВойна и культура
_v21
309 _aБез тит. л.
532 1 3 _aРоссия и Германия
700 1 _aБочкарев
_bВ. Н.
_f1880-1967
_gВалентин Николаевич
801 0 _aRU
_bNLR
_gpsbo
801 0 _aRU
_bRuMoRGB
_2psbo
801 1 _aRU
_bProSoft-M
_2rusmarc
852 _aNLR
_j37.80.5.45(21)
899 _aRuMoRGB
_jV 154/99
899 _aRuMoRGB
_jΔ 52/270
899 _aБАН
899 _aГПИБ
942 _cBOOK
980 _aNB